00941 2200217 4500001002100000005001500021035002000036245030400056100001900360250002000379300005500399856002200454700010600476260003100582082000800613084001400621020001800635650001900653008004100672990001000713INLIS00000000114819920260406081228 a0010-04260000441 aPandai Mengenal Angka dan Huruf Hijaiyah :bPenulis.; Arifin Idham.; Penyunting.; Fira Husaini.; Penyelaras akhir.; Arif Ishartadi.; Pemeriksa Aksara.; Mahdalia.novita /cPenulis.; ; khoirin Nikmah.Penyunting.; Fira Husaini.; Pemeriksa aksara.; Alya Izzaty.; Penata Aksara.; Yusva.; Perangang sampul0 akhoirin Nikmah acetakan pertama aii - 60 halaman :bilustrasi ;c19 x 26 cmekertas aperpustakaan umum0 aPenyunting.; Fira Husaini.; Pemeriksa aksara.; Alya Izzaty.; Penata Aksara.; Yusva.; Perangang sampul aYogyakarta :bIKAPI,c2023 a397 a397 KH p a9786231640208 4aMengenal angka260406 0  a//001